00965njm a2200265Ia 4500001000600000003000900006005001700015008004100032040001300073040001300086041001200099100001300111100001800124100003800142245003300180250001100213260001200224260006600236300001000302500001600312505019200328650004500520700007700565700005700642B5286IT-RoPAU20220918181146.0131025s9999 xx 000 0 und d aIT-RoPAU cIT-RoPAU aINGLESE aGenesis  eAutore musica gCodice autore musica SPICS: 10916 aSelling England By the Pound a1a ed. aGERMANY bCHARISMA RECORDSc1973 [1a Ed.:1973 - Ed. Lingua Orig.: 1973] aDISCO aMusica pop. aThe Battle of Epping Forest - After the Ordeal - The Cinema Show - Aisle of Plenty - Dancing With the Moonlit Knight - I Know What I Like (In You Wardrobe) - Firth of Fifth - More Fool Me aPOP [DISCHI]eCodice MATERIA SPICS: 9950 aGenesis eAutore testo e musicagCodice autore testo/musica SPICS: 10916 aGenesis gCodice interprete SPICS: 10916eInterprete